000 00300nam a22001337a 4500
008 170731b xxu||||| |||| 00| 0 eng d
020 _a9780134900124
041 _aeng
080 _22ND
_a004
100 _a32
101 _aSHK
245 _aUNIX NETWORK PORGRAMMING
_cSTEVENS,W.R
942 _2udc
_cBK
999 _c22203
_d22203